Valor, mercado mundial y globalización /

Guardado en:
Autor Principal: Astarita, Rolando.
Formato: Libro
Idioma:Spanish
Publicado: Buenos Aires : Kaicron, 2007.
Materias:
Etiquetas: Agregar Etiqueta
Sin Etiquetas, Sea el primero en etiquetar este registro!
LEADER 00840nam a22002295a 4500
001 EEO.eeo001087
008 070912s2007####ag#####g#b####000#0#spa#d
005 20141212124753.0
245 1 0 |a Valor, mercado mundial y globalización /  |c Rolando Astarita; [prólogos: Guillermo Gigliani y Diego Guerrero]. 
260 |a Buenos Aires :  |b Kaicron,  |c 2007. 
300 |a [377 p.] ;  |c 21 cm. 
504 |a Incluye referencias bibliográficas (p. 365-376). 
020 |a 9872284202 
020 |a 9789872284206 
100 1 |a Astarita, Rolando. 
650 7 |a Teoría de los precios.  |2 Isoc 
650 7 |a Globalización económica.  |2 Isoc 
650 7 |a Imperialismo.  |2 Isoc 
650 7 |a Teoría del valor.  |2 Isoc 
650 7 |a Relaciones económicas internacionales.  |2 Isoc 
650 7 |a Marxismo.  |2 Isoc 
859 |a AR-BaUEB  |b BIB. ECONOMIA - General  |h 338.91  |i As81  |p e13982